Score 0/50 Timer 07:00
2 Plays Today
% Correct
Lost
93.4%
Titans
93%
Eyes
92.4%
Friday
91.4%
Werewolf
91.1%
Fox
91%
Ape
90.5%
Ranger
90.2%
Night
89.9%
Dearest
89.6%
Postman
89.3%
Eye
88.2%
Heaven
87.6%
Chariots
87.5%
World
87.4%
Pond
86.5%
Das
86%
Carbon
83.7%
Seasons
83.6%
Life
83.6%
French
83.3%
Cannonball
82.3%
Warrior
81.9%
Bloody
81.8%
Southern
80.1%
% Correct
Andre
79.6%
Love
79.4%
Divide
79.4%
Escape
79.3%
Metal
79.2%
Apache
78.8%
Bustin'
77%
Caper
76.1%
Time
75.9%
Body
73.6%
Dead
73.6%
Malice
73.4%
Story
64%
Quest
63.2%
Gay
62.9%
Confessions
61.3%
Modern
61.3%
Woman
60.1%
Conflict
56.3%
Way
54.4%
Man
52.2%
Machine
46.3%
Prince
45.7%
Blow
43.4%
Pursuit
40.8%

You're not logged in!

Compare scores with friends on all Sporcle quizzes.
OR
Log In

Sporcle TV

Today on Sporcle TV


Watch our educational content, quiz creation guides, and fun videos on Sporcle TV.

Show Comments

Extras

Top Quizzes Today


Score Distribution

Your Account Isn't Verified!

In order to create a playlist on Sporcle, you need to verify the email address you used during registration. Go to your Sporcle Settings to finish the process.

Report this User

Report this user for behavior that violates our Community Guidelines.

Details: